| 000 | 00902nas a2200289 4500 | ||
|---|---|---|---|
| 001 | BR0800080 | ||
| 003 | BR-BrBNA | ||
| 005 | 20231205111430.0 | ||
| 007 | ta | ||
| 008 | 230509b bl.|||p| |||| 00| 00por d | ||
| 040 |
_aBR-BrBNA _bpor _cBiblioteca Nacional de Agricultura |
||
| 041 | _a(Pt) | ||
| 072 | _aL53; L70 | ||
| 100 | 1 | _aRovay, H. | |
| 100 | 1 | _aTorres, C.A.A. | |
| 100 | 1 | _aRubert, M.A. | |
| 100 | 1 | _aFürst, R. | |
| 100 | 1 | _aProperi, C.P. | |
| 100 | 1 | _aMaffili, V.V. | |
| 100 | 1 | _aFonseca, J.F. | |
| 245 | 1 |
_aAvaliação untra-sonográfica de características do concepto caprino _b7 Jornada de Medicina Veterinária |
|
| 650 | _aCAPRINO | ||
| 650 | _aREPRODUÇÃO | ||
| 773 | 0 |
_tArquivos de Ciências Veterinárias e Zoologia da UNIPAR (Brazil) _xISSN 1415-8167 _g(Jul-Dec 2008), v. 5(2) p. 316 _wBR0800080 |
|
| 909 |
_a202311 _bLúcia _c55 _dLúcia Elande |
||
| 942 |
_2AGRIS _n0 _cANA |
||
| 999 |
_c192690 _d192690 |
||